Longest Reigning Roman and Byzantine Emperors - Statistics

General Stats
  • This quiz has been taken 359 times
  • The average score is 7 of 10
Answer Stats
Lenght of reign Century (end of reign) Answer % Correct
46 years 10th Constantine VII Porphyrogenetos
88%
34 8th Constantine V Kopronymos
88%
40 years 1st Augustus
87%
38 years 6th Justinian I
84%
49 years 11th Basil II
81%
38 years 14th John V Palaiologos
62%
37 years 12th Alexios I Komnenos
57%
37 years 12th Manuel I Komnenos
55%
42 years 5th Theodosius II
51%
46 years 14th Andronikos II Palaiologos
40%
No matching quizzes found
Score Distribution
Percent of People with Each Score
Percentile by Number Answered
Your Score History
You have not taken this quiz